Datenintensive Anwendungen designen : Konzepte für zuverlässige, skalierbare und wartbare Systeme /

Daten stehen bei vielen Aufgaben des modernen Systemdesigns im Mittelpunkt. Dabei sind komplexe Fragen wie Skalierbarkeit, Konsistenz, Zuverlässigkeit, Effizienz und Wartbarkeit zu klären. Darüber hinaus gibt es eine unüberschaubare Werkzeugpalette, einschließlich relationaler Datenbanken, NoSQL-Dat...

Full description

Bibliographic Details
Main Author: Kleppmann, Martin (Author)
Other Authors: Langenau, Frank (Translator)
Format: eBook
Language:German
Published: Heidelberg : Dpunkt.verlag : O'Reilly, [2019]
Edition:1. Auflage.
Subjects:
Online Access:Connect to the full text of this electronic book

MARC

Tag First Indicator Second Indicator Subfields
LEADER 00000cam a2200000 i 4500
001 in00004668613
006 m o d
007 cr unu||||||||
008 190215s2019 gw a ob 001 0 ger d
005 20260122202305.4
020 |z 9783960090755 
035 |a (OCoLC)1085904822 
037 |a CL0501000026  |b Safari Books Online 
040 |a UMI  |b eng  |e rda  |e pn  |c UMI  |d OCLCF  |d DST  |d OCLCQ  |d OCLCO  |d OCLCQ 
041 1 |a ger  |h eng 
049 |a TXAM 
050 4 |a QA76.76.A65 
082 0 4 |a 617.10275  |2 23 
100 1 |a Kleppmann, Martin,  |e author. 
245 1 0 |a Datenintensive Anwendungen designen :  |b Konzepte für zuverlässige, skalierbare und wartbare Systeme /  |c Martin Kleppmann ; Übersetzung aus dem Englishchen von Frank Langenau. 
250 |a 1. Auflage. 
264 1 |a Heidelberg :  |b Dpunkt.verlag :  |b O'Reilly,  |c [2019] 
264 4 |c ©2019 
300 |a 1 online resource (1 volume) :  |b illustrations 
336 |a text  |b txt  |2 rdacontent 
337 |a computer  |b c  |2 rdamedia 
338 |a online resource  |b cr  |2 rdacarrier 
588 0 |a Online resource; title from title page (Safari, viewed February 11, 2019). 
500 |a Originally published in English under title: Designing data-intensive applications : the big ideas behind reliable, scalable, and maintainable systems by O'Reilly Media, ©2017. Cf. Title page verso. 
504 |a Includes bibliographical references and index. 
520 |a Daten stehen bei vielen Aufgaben des modernen Systemdesigns im Mittelpunkt. Dabei sind komplexe Fragen wie Skalierbarkeit, Konsistenz, Zuverlässigkeit, Effizienz und Wartbarkeit zu klären. Darüber hinaus gibt es eine unüberschaubare Werkzeugpalette, einschließlich relationaler Datenbanken, NoSQL-Datenspeicher, Stream- und Batchprocessing und Message Broker. Was bedeuten diese Schlagworte? Und was ist die richtige Wahl für Ihre Anwendung?Dieser praktische und umfassende Leitfaden hilft Ihnen, sich in diesem schwierigen Terrain zurechtzufinden, indem er die Vor- und Nachteile verschiedener Technologien zur Verarbeitung und Speicherung von Daten aufzeigt. Software verändert sich ständig, die Grundprinzipien bleiben aber gleich. Mit diesem Buch lernen Softwareentwickler und -architekten, wie sie die Konzepte in der Praxis umsetzen und wie sie Daten in modernen Anwendungen optimal nutzen können. 
650 0 |a Web site development. 
650 0 |a Application software  |x Development. 
650 0 |a Database management. 
650 6 |a Sites Web  |x Développement. 
650 6 |a Logiciels d'application  |x Développement. 
650 6 |a Bases de données  |x Gestion. 
650 7 |a Application software  |x Development.  |2 fast  |0 (OCoLC)fst00811707 
650 7 |a Database management.  |2 fast  |0 (OCoLC)fst00888037 
650 7 |a Web site development.  |2 fast  |0 (OCoLC)fst01173243 
700 1 |a Langenau, Frank,  |e translator. 
700 1 2 |i Translation of:  |a Kleppmann, Martin.  |t Designing data-intensive applications.  |l German. 
856 4 0 |u https://proxy.library.tamu.edu/login?url=https://go.oreilly.com/TAMU/library/view/-/9781492070153/?ar  |z Connect to the full text of this electronic book  |t 0 
955 |a Safari/O'Reilly ebooks 
994 |a 92  |b TXA 
999 f f |s 61818697-258a-4f1b-a1e3-3bfe7df0689d  |i 069c1f31-dea0-4b09-a03e-11b01e654776  |t 0 
952 f f |a Texas A&M University  |b College Station  |c Electronic Resources  |s www_evans  |d Available Online  |t 0  |e QA76.76.A65   |h Library of Congress classification 
998 f f |a QA76.76.A65   |t 0  |l Available Online